000 01006cam a2200265 a 4500
001 000015623
003 OSt
005 20260206124607.0
008 801219s1969 sp 000 0 spa
040 _aDO-SdBNP
_bspa
_cBNPHU
049 _aBNGR
082 _a616.897
_bB647a
100 1 _aBleuler, Eugen,
_d1857-1939.
_935209
240 1 0 _aAffektivitat, suggestibilitat, paranoia.
_lEspañol
245 1 0 _aAfectividad, sugestibilidad, paranoia /
_cEugen Bleuler ; versión española y estudio a modo de prólogo por el Dr. Bartolomé Llopis.
260 _aMadrid :
_bEdiciones Morata,
_bFundación de javier Morata,
_c1969.
300 _a206 p. ;
_c22 cm.
500 _aIncluye referencias bibliográficas y notas al pie de las páginas
534 _aAffektivitat, suggestibilitat, paranoia
_bFundación de javier Morata,
_cAlemania
650 4 _aParanoia
_935210
650 0 _aEnfermos mentales
_918253
700 1 _aLlopis Lloret, Bartolomé,
_epról.
_935211
942 _2ddc
_cLF1
956 _aLOPEREZ
999 _c15177
_d15177